Statistiche per Classifica ATP 2022

Clicka qui per fare il quiz!

Statistiche generali

  • Questo quiz è stato fatto 21 volte
  • Il punteggio medio è 12 su 15

Statistiche sulle risposte

NazionePunteggioTennista% Corretto
Spagna6820Carlos Alcaraz
100%
Russia4065Danil Medvedev
100%
Italia2410Jannick Sinner
100%
Serbia4820Novak Djokovic
100%
Spagna3020Rafel Nadal
100%
Grecia5550Stefanos Tsitsipas
100%
Russia3930Andrey Rublev
86%
Danimarca2888Holger Rune
86%
Germania2700Alexander Zverev
76%
Canada4195Felix Auger Aliassime
76%
Polonia2905Hubert Hurkacz
71%
Danimarca5820Casper Ruud
67%
Stati uniti3355Taylor Harry Fritz
62%
Regno Unito2445Cameron Norrie
57%
Spagna2495Pablo Carreno-Busta
38%

Distribuzione punteggi

Percentile per numero di risposta

Percentuale di utenti per punteggio

I tuoi punteggi nel tempo

Non hai fatto questo quiz